| 000 | 00446nam a2200121 4500 | ||
|---|---|---|---|
| 082 | 0 | _a220.9505 | |
| 100 | 1 | _aTerry, J. O; Slack, Jim & Evans, Steve | |
| 245 | 1 | 0 |
_aChronological Bible storying : _bAn introduction to the oral communication of the Bible _cJ. O Terry; Jim Slack & Steve Evans |
| 260 |
_aJohannesburg _bInternational Publication Services _cc.1996 |
||
| 300 | _ap. | ||
| 700 | 1 | _aTerry, J. O; Slack, Jim & Evans, Steve | |
| 942 |
_2ddc _cBK |
||
| 999 |
_c64422 _d64396 |
||